| 000 | 01002cam a22002891i 4500 | ||
|---|---|---|---|
| 001 | gs 64000258 | ||
| 003 | DLC | ||
| 005 | 20260227111414.0 | ||
| 008 | 780406s1964 dcuabd b f000 0 eng | ||
| 010 | _ags 64000258 | ||
| 035 | _a(OCoLC)3784890 | ||
| 040 |
_aDLC _cOClU _dISS _dOCoLC _dDLC _dWaU |
||
| 042 | _apremarc | ||
| 050 | 0 | 0 |
_aQE75 _b.P9 no. 401 |
| 086 | 0 | _aI 19.16:401/ | |
| 100 | 1 |
_aMorrison, Roger B. _q(Roger Barron), _d1914- |
|
| 245 | 1 | 0 |
_aLake Lahontan : _bgeology of southern Carson Desert, Nevada. |
| 260 |
_aWashington : _bU.S. Govt. Print. Off., _c1964. |
||
| 300 |
_av, 156 p. : _bill., maps, diagrs., tables and portfolio (fold. maps (7 col.) diagr.) ; _c29 cm. |
||
| 410 | 2 | 0 |
_aGeological Survey (U.S.). _tProfessional paper ; _v401 |
| 504 | _aBibliography : p. 117-121. | ||
| 651 | 0 | _aLahontan, Lake. | |
| 650 | 0 |
_aGeology _zLahontan, Lake. |
|
| 650 | 0 |
_aGeology _zNevada _zChurchill County |
|
| 650 | 0 |
_aGeology, Stratigraphic _yCenozoic |
|
| 740 | 0 | _aCarson Desert, Nevada. | |
| 999 |
_c29861 _d29861 |
||